000 00698nam a2200169 i 4500
001 186031
003 ES-MaACL
005 20250918194238.0
008 160905m19361945sp |||| | spa d
245 0 0 _aDocumentos inéditos para la Historia de España.
_n1-4,
_pCorrespondencia oficial de don Diego Sarmiento de Acuña, conde de Gondomar /
_cpublicados por los señores Duque de Alba ... [et al.].
260 _aMadrid :
_b[s.n.],
_c1936-1945 (
_fTip. de Archivos)
300 _a4 v. ;
_c25 cm.
651 4 _aEspaña-
_xHistoria-
_vFuentes.
_98345
700 1 _aAlba, Jacobo Fitz-James Stuart y Falcó,
_cDuque de,
_d1878-1953
_9173467
852 _aES-MaACL
_jE-4682-85
999 _c186031
_d186031